000 00498nam a2200169 i 4500
001 36738
003 ES-MaACL
005 20240118063001.0
007 t|
008 030219m18631865sp ||||1| spa d
100 1 _aBravo Murillo, Juan,
_d1803-1873
_931496
245 1 0 _aOpúsculos /
_cde Juan Bravo Murillo.
260 _aMadrid :
_bSan Martín,
_c1863-5 (
_fImp. de Manuel Minuesa de los Ríos)
300 _a4 v. ;
_c23 cm.
852 _aES-MaACL
_jG-8159-62
999 _c36738
_d36738